zpět

Detail výsledku týmu

Kentaur ST, Brno

Datum a čas kvízu

27 Celkem bodů Celkový počet nahraných bodů na tomto kvízu bez doplňovacích otázek.
5. Pořadí na kvízu Konečné umístění týmu na tomto kvízu.

Zaznamenané odpovědi

# Otázka Odpověď Body Výsledky
1. Minulý pátek v 18 hodin se po... 0
2. Americká Federální komise pro... 0
3. Francouzský herec Gérard Depar... 0
4. Společnost Coca-Cola je první... 0
5. Cristiano Ronaldo dostal svou... 0
5. O Ferdinandovi Porsche, zaklad... 0
5. Díváme se na legendární užitko... 0
5. Určitě si vybavíte, jak vypadá... 0
5. Opel je součástí skupiny Group... 1
5. Kim Čong-Il, Adolf Hitler, Idi... 1